Paesi più vicini al Venezuela - Statistics

Statistiche generali
  • Questo quiz è stato fatto 90 volte
  • Il punteggio medio è 13 su 20
Statistiche sulle risposte
km nazione % Corretto
0 Brasile
100%
0 Colombia
97%
293 Suriname
94%
0 Guyana
90%
441 Panama
86%
562 Perù
78%
14 Trinidad e Tobago
69%
357 Barbados
65%
676 Haiti
63%
621 Repubblica Dominicana
62%
345 Santa Lucia
62%
500 Dominica
60%
673 Saint Kitts e Nevis
59%
696 Antigua e Barbuda
58%
139 Grenada
56%
831 Giamaica
55%
206 Saint Vincent e Grenadine
55%
80 Curaçao
21%
27 Aruba
19%
765 Sint Maarten
5%
Nessun quiz corrispondente trovato
Distribuzione punteggi
Percentuale di utenti per punteggio
Percentile per numero di risposta
I tuoi punteggi nel tempo
Non hai fatto questo quiz